Logo BPK

Biblioteka

Politechniki Koszalińskiej

Podstawy ekonomiki transportu : (Rekord nr 17337)

Szczegóły MARC
000 -ETYKIETA REKORDU
podpole kontrolne o stałej długości 00473nam a2200157 i 4500
001 - NUMER KONTROLNY REKORDU
pole kontrolne bg
040 ## - ŹRÓDŁO KATALOGOWANIA
Instytucja, która utworzyła rekord BPK
041 ## - KOD JĘZYKA
Kod języka tekstu pol
008 - POLE O STAŁEJ DŁUGOŚCI - DANE KONTROLNE
podpole kontrolne o stałej długości s pl f |000 0 pol
100 1# - NAZWA OSOBOWA
Nazwa osobowa ZAMKOWSKA, Stanisława
245 #0 - TYTUŁ/ODPOWIEDZIALNOŚĆ
Tytuł Podstawy ekonomiki transportu :
Ciąg dalszy tytułu przewodnik metodyczny do ćwiczeń /
Pozostałe elementy strefy tytułu i oznaczenia odpowiedzialności Stanisława Zamkowska, Marianna Jelonek-Kotorowska.
260 ## - STREFA ADRESU WYDAWNICZEGO
Miejsce wydania Kielce,
Data publikacji, dystrybucji/powstania dokumentu 1977.
650 #9 - HASŁO PRZEDMIOTOWE W FORMIE NAZWY OGÓLNEJ LUB JEDNOSTKOWEJ
Nazwa ogólna lub geograficzna Transport
Określnik ogólny ekonomika
700 1# - HASŁO DODATKOWE - NAZWA OSOBOWA
Nazwa osobowa KOTOROWSKA JELONEK, Marianna
856 ## - LOKALIZACJA I DOSTĘP DO ELEKTRONICZNYCH DOKUMENTÓW ZDALNYCH
Link (URL) http://koha.tu.koszalin.pl/cgi-bin/koha/opac-detail.pl?biblionumber=17337
Tekst linku Katalog online BPK
942 ## - DODATKOWE ELEMENTY (KOHA)
Typ dokumentu Książka
Egzemplarze
Wycofany Status egzemplarza Uszkodzony Dostępność Lokalizacja stała Lokalizacja bieżąca Miejsce przechowywania Sygnatura Kod kreskowy Ostatnio wypożyczono Typ dokumentu
      Dostępny Biblioteka Politechniki Koszalińskiej Biblioteka Politechniki Koszalińskiej Wypożyczalnia BG 22061 01121834 10.03.2016 Książka
© 2023 Biblioteka Politechniki Koszalińskiej :: KOHA